000 00370nam a2200181Ia 4500
001 7055
005 20250626030140.0
008 211022s9999 xx 000 0 und d
020 _a0600369145
082 _a759.13 BUS
100 _aBusignani, Alberto
245 0 _aPollock
260 _aLondon
260 _bHamlyn
260 _c1970
300 _a96
942 _cBK
999 _c7495
_d7495